<?xml version="1.0" encoding="UTF-8"?>
<marc:record xmlns:marc="http://www.loc.gov/MARC21/slim">
   <marc:leader>00000nam a2200000 a 4500</marc:leader>
   <marc:datafield ind1="1" ind2=" " tag="100">
      <marc:subfield code="a">Cogman, Genevieve</marc:subfield>
      <marc:subfield code="4">aut</marc:subfield>
      <marc:subfield code="e">Verfasser/-in</marc:subfield>
   </marc:datafield>
   <marc:datafield ind1="0" ind2="0" tag="245">
      <marc:subfield code="a">Die maskierte Stadt</marc:subfield>
   </marc:datafield>
   <marc:datafield ind1="0" ind2="0" tag="245">
      <marc:subfield code="b">Roman</marc:subfield>
   </marc:datafield>
   <marc:datafield ind1="0" ind2="0" tag="245">
      <marc:subfield code="c">Cogman, Genevieve</marc:subfield>
   </marc:datafield>
   <marc:datafield ind1=" " ind2="1" tag="264">
      <marc:subfield code="a">Köln</marc:subfield>
      <marc:subfield code="b">Bastei Lübbe Taschenbuch</marc:subfield>
      <marc:subfield code="c">2016</marc:subfield>
   </marc:datafield>
   <marc:datafield ind1="1" ind2=" " tag="490">
      <marc:subfield code="a">Die unsichtbare Bibliothek</marc:subfield>
      <marc:subfield code="v">2</marc:subfield>
   </marc:datafield>
   <marc:datafield ind1="1" ind2=" " tag="520">
      <marc:subfield code="a">Irene Winters ist Agentin der unsichtbaren Bibliothek, die jenseits von Raum und Zeit als Tor zwischen den Welten existiert. Ihr Job ist es, einzigartige, ungewöhnliche oder rare Bücher für diese Bibliothek zu beschaffen. Sie hat gerade auf einer zwielichtigen Auktion einen seltenen Bram-Stoker-Text erworben, als sie und ihr Assistent Kai überfallen werden. Zu spät erkennt Irene, dass es nicht um das Buch, sondern um Kai geht. Er wird entführt, ohne dass Irene es verhindern kann. Die Spur der Verbrecher führt in ein dunkles Venedig des immerwährenden Karnevals. Ein Ort der Masken und Geheimnisse. Und des Todes ...</marc:subfield>
   </marc:datafield>
   <marc:datafield ind1=" " ind2=" " tag="020">
      <marc:subfield code="a">9783404208036</marc:subfield>
      <marc:subfield code="9">9783404208036</marc:subfield>
   </marc:datafield>
   <marc:datafield ind1=" " ind2=" " tag="020">
      <marc:subfield code="a">340420803X</marc:subfield>
      <marc:subfield code="9">340420803X</marc:subfield>
   </marc:datafield>
   <marc:datafield ind1=" " ind2=" " tag="041">
      <marc:subfield code="a">ger</marc:subfield>
   </marc:datafield>
   <marc:datafield ind1=" " ind2=" " tag="300">
      <marc:subfield code="a">460 S.</marc:subfield>
   </marc:datafield>
</marc:record>
